<?xml version="1.0" encoding="UTF-8"?>
<record
    xmlns:xsi="http://www.w3.org/2001/XMLSchema-instance"
    xsi:schemaLocation="http://www.loc.gov/MARC21/slim http://www.loc.gov/standards/marcxml/schema/MARC21slim.xsd"
    xmlns="http://www.loc.gov/MARC21/slim">

  <leader>00545nam a22001577a 4500</leader>
  <datafield tag="999" ind1=" " ind2=" ">
    <subfield code="c">1821</subfield>
    <subfield code="d">1821</subfield>
  </datafield>
  <controlfield tag="008">200205b           ||||| |||| 00| 0 eng d</controlfield>
  <datafield tag="082" ind1="0" ind2="0">
    <subfield code="a">620.00222</subfield>
    <subfield code="b">B5755</subfield>
  </datafield>
  <datafield tag="100" ind1=" " ind2=" ">
    <subfield code="9">1437</subfield>
    <subfield code="a">Bhatt, N. D.</subfield>
  </datafield>
  <datafield tag="245" ind1="1" ind2="0">
    <subfield code="a">Problems &amp; solutions in elementary engineering drawing (Plane and solid geometry) (In first-angle projection method) /</subfield>
  </datafield>
  <datafield tag="250" ind1=" " ind2=" ">
    <subfield code="a">40th ed.</subfield>
  </datafield>
  <datafield tag="260" ind1=" " ind2=" ">
    <subfield code="a">Gujrat:</subfield>
    <subfield code="b">Charotar Media Pvt. Ltd.,</subfield>
    <subfield code="c">1999.</subfield>
  </datafield>
  <datafield tag="300" ind1=" " ind2=" ">
    <subfield code="a">472 p.</subfield>
  </datafield>
  <datafield tag="650" ind1=" " ind2="0">
    <subfield code="a">Mechanical Drawing</subfield>
  </datafield>
  <datafield tag="700" ind1=" " ind2=" ">
    <subfield code="9">2370</subfield>
    <subfield code="a">Panchal, V. M.</subfield>
  </datafield>
  <datafield tag="942" ind1=" " ind2=" ">
    <subfield code="c">BK</subfield>
  </datafield>
  <datafield tag="952" ind1=" " ind2=" ">
    <subfield code="0">0</subfield>
    <subfield code="1">0</subfield>
    <subfield code="2">ddc</subfield>
    <subfield code="4">0</subfield>
    <subfield code="6">620_002220000000000_B5755</subfield>
    <subfield code="7">0</subfield>
    <subfield code="9">4765</subfield>
    <subfield code="a">CL</subfield>
    <subfield code="b">CL</subfield>
    <subfield code="d">2000-05-04</subfield>
    <subfield code="e">Sterling Book House</subfield>
    <subfield code="o">620.00222 B5755</subfield>
    <subfield code="p">09046</subfield>
    <subfield code="r">2020-02-05</subfield>
    <subfield code="v">85.00</subfield>
    <subfield code="y">BK</subfield>
  </datafield>
  <datafield tag="952" ind1=" " ind2=" ">
    <subfield code="0">0</subfield>
    <subfield code="1">0</subfield>
    <subfield code="2">ddc</subfield>
    <subfield code="4">0</subfield>
    <subfield code="6">620_002220000000000_B5755</subfield>
    <subfield code="7">0</subfield>
    <subfield code="9">5003</subfield>
    <subfield code="a">CL</subfield>
    <subfield code="b">CL</subfield>
    <subfield code="d">2000-08-09</subfield>
    <subfield code="e">Jyoti, the Book People</subfield>
    <subfield code="o">620.00222 B5755</subfield>
    <subfield code="p">09204</subfield>
    <subfield code="r">2020-02-07</subfield>
    <subfield code="v">95.00</subfield>
    <subfield code="y">BK</subfield>
  </datafield>
  <datafield tag="952" ind1=" " ind2=" ">
    <subfield code="0">0</subfield>
    <subfield code="1">0</subfield>
    <subfield code="2">ddc</subfield>
    <subfield code="4">0</subfield>
    <subfield code="6">620_002220000000000_B5755</subfield>
    <subfield code="7">0</subfield>
    <subfield code="9">5004</subfield>
    <subfield code="a">CL</subfield>
    <subfield code="b">CL</subfield>
    <subfield code="d">2000-08-09</subfield>
    <subfield code="e">Jyoti, the Book People</subfield>
    <subfield code="o">620.00222 B5755</subfield>
    <subfield code="p">09205</subfield>
    <subfield code="r">2020-02-07</subfield>
    <subfield code="v">95.00</subfield>
    <subfield code="y">BK</subfield>
  </datafield>
  <datafield tag="952" ind1=" " ind2=" ">
    <subfield code="0">0</subfield>
    <subfield code="1">0</subfield>
    <subfield code="2">ddc</subfield>
    <subfield code="4">0</subfield>
    <subfield code="6">620_002220000000000_B5755</subfield>
    <subfield code="7">0</subfield>
    <subfield code="9">5005</subfield>
    <subfield code="a">CL</subfield>
    <subfield code="b">CL</subfield>
    <subfield code="d">2000-08-09</subfield>
    <subfield code="e">Jyoti, the Book People</subfield>
    <subfield code="o">620.00222 B5755</subfield>
    <subfield code="p">09206</subfield>
    <subfield code="r">2020-02-07</subfield>
    <subfield code="v">95.00</subfield>
    <subfield code="y">BK</subfield>
  </datafield>
  <datafield tag="952" ind1=" " ind2=" ">
    <subfield code="0">0</subfield>
    <subfield code="1">0</subfield>
    <subfield code="2">ddc</subfield>
    <subfield code="4">0</subfield>
    <subfield code="6">620_002220000000000_B5755</subfield>
    <subfield code="7">0</subfield>
    <subfield code="9">5006</subfield>
    <subfield code="a">CL</subfield>
    <subfield code="b">CL</subfield>
    <subfield code="d">2000-08-09</subfield>
    <subfield code="e">Jyoti, the Book People</subfield>
    <subfield code="o">620.00222 B5755</subfield>
    <subfield code="p">09207</subfield>
    <subfield code="r">2020-02-07</subfield>
    <subfield code="v">95.00</subfield>
    <subfield code="y">BK</subfield>
  </datafield>
  <datafield tag="952" ind1=" " ind2=" ">
    <subfield code="0">0</subfield>
    <subfield code="1">0</subfield>
    <subfield code="2">ddc</subfield>
    <subfield code="4">0</subfield>
    <subfield code="6">620_002220000000000_B5755</subfield>
    <subfield code="7">0</subfield>
    <subfield code="9">5007</subfield>
    <subfield code="a">CL</subfield>
    <subfield code="b">CL</subfield>
    <subfield code="d">2000-08-09</subfield>
    <subfield code="e">Jyoti, the Book People</subfield>
    <subfield code="o">620.00222 B5755</subfield>
    <subfield code="p">09208</subfield>
    <subfield code="r">2020-02-07</subfield>
    <subfield code="v">95.00</subfield>
    <subfield code="y">BK</subfield>
  </datafield>
  <datafield tag="952" ind1=" " ind2=" ">
    <subfield code="0">0</subfield>
    <subfield code="1">0</subfield>
    <subfield code="2">ddc</subfield>
    <subfield code="4">0</subfield>
    <subfield code="6">620_002220000000000_B5755</subfield>
    <subfield code="7">0</subfield>
    <subfield code="9">5209</subfield>
    <subfield code="a">CL</subfield>
    <subfield code="b">CL</subfield>
    <subfield code="d">2002-09-10</subfield>
    <subfield code="e">Sterling book House</subfield>
    <subfield code="o">620.00222 B5755</subfield>
    <subfield code="p">09366</subfield>
    <subfield code="r">2020-02-10</subfield>
    <subfield code="v">112.50</subfield>
    <subfield code="y">BK</subfield>
  </datafield>
  <datafield tag="952" ind1=" " ind2=" ">
    <subfield code="0">0</subfield>
    <subfield code="1">0</subfield>
    <subfield code="2">ddc</subfield>
    <subfield code="4">0</subfield>
    <subfield code="6">620_002220000000000_B5755</subfield>
    <subfield code="7">0</subfield>
    <subfield code="9">5225</subfield>
    <subfield code="a">CL</subfield>
    <subfield code="b">CL</subfield>
    <subfield code="d">2002-09-10</subfield>
    <subfield code="e">Sterling Book House</subfield>
    <subfield code="o">620.00222 B5755</subfield>
    <subfield code="p">09382</subfield>
    <subfield code="r">2020-02-10</subfield>
    <subfield code="v">85.00</subfield>
    <subfield code="y">BK</subfield>
  </datafield>
</record>
